| 000 | 00724nam a2200229 u 4500 | ||
|---|---|---|---|
| 005 | 20240831063805.0 | ||
| 008 | 150907s2010 es r 000 0 spa d | ||
| 020 | _a9788496870277 | ||
| 035 | _aUPN01000205651 | ||
| 049 | _aI | ||
| 050 | 4 |
_aPZ76.3 _bF4.9 |
|
| 100 | 1 |
_aFernández Méndez, Fátima, _d1972- _938043 |
|
| 245 | 1 | 1 |
_a¡Vamos a viajar! / _cFátima Fernández Méndez ; il. Marina Seoane Pascual. |
| 260 |
_aMadrid : _bEdimáter, _c2010. |
||
| 300 |
_a[40] p. : _bil. col. |
||
| 440 | 3 |
_aLa estrella bailarina ; _v1. _pLos transportes ; _v1 |
|
| 650 | 4 |
_aCuentos infantiles españoles _97725 |
|
| 650 | 0 |
_aAnimales _vCuentos y leyendas _9234 |
|
| 905 | _aInfantil | ||
| 999 |
_c177752 _d177752 |
||